| 000 | 00458nam a2200181 a 4500 | ||
|---|---|---|---|
| 001 | 2869 | ||
| 003 | CDMR | ||
| 005 | 20131010104930.0 | ||
| 008 | 130130s1995||||||||||||||||||||||||||||d | ||
| 020 | _a8473069137 | ||
| 040 |
_aCDMR _bcat _cCDMR |
||
| 100 | 1 |
_aFontserè, Carles _9330 |
|
| 245 | 1 | 0 |
_aMemòries d'un cartellista català _b: 1931-1939 |
| 260 |
_aBarcelona _c1995 _bPòrtic |
||
| 300 | _a505 p. | ||
| 490 | 0 |
_aVides i Memòries _v13 |
|
| 942 |
_cMON _2udc |
||
| 999 |
_c2869 _d2869 |
||